MM (Modern Machinery) Science Journal

Saved in:
Bibliographic Details
Format: Serial
Language:English
Published: Prague MM Publishing
Tags: Add Tag
No Tags, Be the first to tag this record!

MARC

LEADER 00000nas1a2200000 4500
001 0249902
005 20250704114224.5
022 |a 1805-0476 
022 |a 1803-1269 
041 0 |a eng 
044 |a CZ 
245 1 0 |a MM (Modern Machinery)  |b Science Journal 
264 1 |a Prague  |b MM Publishing